00521nam a2200133Ia 4500008004100000024006000041082001800101100008000119245008000199260002600279600003200305650003300337999001700370260210s9999 xx 000 0 und d a98A-031-CS, 98A-042-CS, 98A-029-CS & 98A-013-CS a004.67072 LEH aFawad Yousaf Lehar, Ajmal Siddqui Malik, M.Khurram Rehman & Abrar Ahmed 0aTo Study the Internet & Build The Model of an Internet Service Provider aKarachi:bUITU,c1998 aComputer System Engineering aBachelor of Engineering (BE) c32603d32603